Smerovanie európskeho rozpočtu a finančný sektor

Európsky rozpočet je považovaný za kľúčové východisko pre budúcnosť EÚ. V skutočnosti tvorí malú časť finančného a zdrojového potenciálu EÚ. Verejný sektor hrá kľúčovú úlohu v národných ekonomikách (zdrojovú, stimulačnú, stabilizačnú). Zároveň ale existujú značné straty v národných rozpočtoch i rozp...

Description complète

Enregistré dans:
Détails bibliographiques
Auteur principal: Ivanová, Pavlína
Format: Chapitre de livre
Langue:slovaque
Sujets:
Tags: Ajouter un tag
Pas de tags, Soyez le premier à ajouter un tag!

MARC

LEADER 00000nla a2200000 4500
001 0200492
005 20240502073405.6
041 0 |a slo 
044 |a SK 
245 1 0 |a Smerovanie európskeho rozpočtu a finančný sektor  |c Pavlína Ivanová 
520 |a Európsky rozpočet je považovaný za kľúčové východisko pre budúcnosť EÚ. V skutočnosti tvorí malú časť finančného a zdrojového potenciálu EÚ. Verejný sektor hrá kľúčovú úlohu v národných ekonomikách (zdrojovú, stimulačnú, stabilizačnú). Zároveň ale existujú značné straty v národných rozpočtoch i rozpočtoch EÚ (šedé zóny, neefektívnosť, korupcia). Ciele stanovené na podporu európskeho rastu (Horizont 2020) môžu pomôcť ekonomickému rozvoju, ale bez cielenej finančnej pomoci a podpory inovácií zostanú iba v rovine želaní. Podniková a banková kriminalita vytvárajú obrovské ekonomické straty. 
610 2 0 |a rozpočet spoločný 
610 2 0 |a Európska únia 
610 2 0 |a prostredie podnikateľské 
610 2 0 |a regulácia finančná 
100 1 |a Ivanová, Pavlína